"Jeopardy!" "Stupid Answers" Category Clues #3 - Statistics

General Stats
  • This quiz has been taken 349 times
  • The average score is 14 of 25
Answer Stats
Hint Answer % Correct
This was first imprinted in black on individual M&Ms in 1950 M
97%
This Stephen King novel says There was a clown in the stormdrain ... it was a clown like in the circus or on TV It
85%
1975's Killer Queen was the first Top 40 pop hit for this group Queen
79%
President John Tyler was the son of Mary Armistead & this governor John Tyler
76%
It was the phase of the moon on Nov. 16 2009 the date the movie New Moon premiered new moon
70%
Canada's Swan River empties into this lake Swan Lake
69%
A 2009 study recommended treating heroin addicts with diacetylmorphine the active ingredient in this heroin
66%
Chevron's red & blue logo is this heraldic shape meant to convey rank & service chevron
65%
Dolores Del Rio was one of the stars of the 1933 musical Flying Down to here Rio
63%
In 1542 this daughter of Mary of Guise became the Queen of the Scots Mary, Queen of Scots
62%
The second verse of this classic American song begins O beautiful for pilgrim feet "America the Beautiful"
60%
You can form your own rock band & tour the world with this 2007 video game from MTV games Rock Band
59%
China's Song Dynasty was noted for its contributions to the tz'u a form of this song
59%
If today is Jan. 14 1952 this show is premiering on NBC Today
58%
Captain William Mynors named this island in the Indian Ocean on Christmas Day 1643 Christmas Island
54%
This lubricant's name means water displacement 40th attempt WD-40
54%
Irene Cara catapulted to fame after starring in this 1980 film Fame
53%
This building in our national capital was originally designed by Dr. William Thornton The Capitol
48%
In Hollywood it's the major street 2 blocks north of Sunset Boulevard Hollywood Boulevard
46%
The Mosquito Indians are a majority population of this coastal region of Honduras & Nicaragua Mosquito Coast
38%
In August 2009 country duo Brooks & this guy announced that they were done Ronnie Dunn
35%
In Dutch this royal was known as Willem Hendrik Prins van Oranje William of Orange
32%
On the west Central Park is bounded by this street Central Park West
28%
Hopefully you know it's the TV sitcom that starred Faith Ford & Kelly Ripa as sisters Hope & Faith
14%
In the web address of the Federal Motor Carrier Safety Administration it comes just before dot gov DOT
9%
No matching quizzes found
Score Distribution
Percent of People with Each Score
Percentile by Number Answered
Your Score History
You have not taken this quiz